Horror Movie Franchises #12: Insidious - Statistics

General Stats
  • This quiz has been taken 53 times
  • The average score is 3 of 5
Answer Stats
Movie % Correct
Insidious
100%
Insidious: The Red Door
63%
Insidious: Chapter 2
58%
Insidious: Chapter 3
56%
Insidious: The Last Key
56%
No matching quizzes found
Score Distribution
Percent of People with Each Score
Percentile by Number Answered
Your Score History
You have not taken this quiz